Normal view
MARC view
- Relaciones internacionales
Entry Materia
001 - NÚMERO DE CONTROL DEL REGISTRO
- campo de control: 14390
003 - IDENTIFICADOR DE NUMERO DE CONTROL
- campo de control: MX-MxUPN
005 - FECHA Y HORA DE LA ÚLTIMA TRANSACCIÓN
- campo de control: 20250407121245.0
008 - DATOS DE LONGITUD FIJA
- campo de control de longitud fija: 250407n| acnnnbabn | ana |d
035 ## - NÚMERO DE CONTROL DEL SISTEMA
- Número de control del sistema: UPN10000014398
040 ## - FUENTE DE LA CATALOGACIÓN
- Centro catalogador de origen: MX-MxUPN
- Lengua de catalogación: spa
- Agencia de transcripción: MX-MxUPN
053 #4 - NÚMERO CLASIFICADOR - BIBLIOTECA DEL CONGRESO (LC)
- Elemento numérico de la clasificación - Número único o no. inicial del rango: JZ1306
150 ## - ENCABEZAMIENTO - TEMÁTICO
- Término de materia o nombre geográfico como elemento inicial: Relaciones internacionales
670 ## - FUENTE EN LA QUE SE LOCALIZARON DATOS
- Cita de la fuente: E
680 ## - NOTA GENERAL CON DESPLIEGUE PÚBLICO
- Texto explicativo: Aquí se asientan las obras relacionadas con la teoría de intecambio internacional. Los acontecimientos históricos se asientan bajo los encabezamientos de
- Encabezamiento: POLÍTICA MUNDIAL ; EUROPA - POLITICA ; ETC.
- Texto explicativo: Las obras relativas a las relaciones exteriores desde elpunto de vista de un estado individual se asientan bajo el nombre del estado con la subdivisión de
- Encabezamiento: RELACIONES EXTERIORES
902 ## - CATALOGADOR
- Catalogador: CAA/141096
